10 Biggst Cities in Belgium - Statistics

General Stats
  • This quiz has been taken 253 times
  • The average score is 6 of 10
Answer Stats
Population City % Correct
1 020 000 Brussels
100%
460 000 Antwerp
96%
180 000 Liege
80%
230 000 Ghent
71%
115 000 Bruges
70%
200 000 Charleroi
64%
105 000 Namur
54%
90 000 Leuven
47%
90 000 Mons
41%
75 000 Aalst
20%
No matching quizzes found
Score Distribution
Percent of People with Each Score
Percentile by Number Answered
Your Score History
You have not taken this quiz